| 000 | 00673nam a2200217Ia 4500 | ||
|---|---|---|---|
| 003 | GCL | ||
| 008 | 140319s9999 xx 000 0 ara d | ||
| 020 | _a2032709977 | ||
| 040 |
_aGCL / _cGCL |
||
| 082 | 0 | 4 |
_aق _b320.962 _bر م |
| 100 | 1 | _aرفيق حبيب | |
| 245 | 1 | 0 |
_aمصر القادمة بين التغريب والتكفير / _cرفيق حبيب |
| 250 | _aالاولى | ||
| 260 |
_aالقاهرة : _bدار الشروق ، _c1996 |
||
| 300 |
_a157 ص ؛ _c19 سم |
||
| 650 | 0 | 4 | _aمصر |
| 650 | 0 | 4 | _aالاقباط |
| 650 | 0 | 4 | _aمصر - الاحوال السياسية |
| 650 | 0 | 4 | _aمصر - الاحوال الاجتماعية |
| 942 |
_2ddc _cBK |
||
| 999 |
_c44987 _d44987 |
||